00730nam a22002057a 450000500170000001000260001702000260004302000260006903500140009503500140010903700130012308200080013610000170014424501370016125000210029826000450031927000800036430000440044470000360048820240124142752.0 aENG-116991 ENG-138985 a9789352602957c525.00 a9789355322470c700.00 aEN-100523 aEN-122517 bDBAD/PUB a910 aMajid Husain aIndia and world geography :cBy Majid Husain and Edited By Tasawwur Husain ZaidibCivil Services preliminary and main examinations / a4th ed. and 6th  aTamil NadubMcGraw Hill Education c2017 aAnjana Complex No. 5/90 A, Butt Road, St. Thomas MountbTamil Nadue600016 avarious pagings :c25cm(pbk)bill.,maps aZaidi, Tasawwur Husain eEditor